Laboratory manual for electrical machines

Bibliographic Details
Main Author: Kothari, D.P
Format: Book
Published: New Delhi : I.K. Intenational Pub. House Pvt. Ltd , 2013
Subjects:

MARC

LEADER 00000cam a2200000 7i4500
001 0000047696
005 20150524.0
008 150524
020 |a 9789382332237 
090 0 0 |a 621.31042   |b KOT 
100 1 |a Kothari, D.P 
245 1 0 |a Laboratory manual for electrical machines   |c D.P. Kothari & B.S. Umre 
260 |a New Delhi :   |b I.K. Intenational Pub. House Pvt. Ltd ,   |c 2013 
300 |a CD included 
650 0 |a Electric driving 
650 0 |a Electric machinery 
650 0 |a Electric power systems 
999 |a 0001350638   |b Book   |c Adult Collection   |e Cawangan Taman Sri Lambak 
999 |a 0001350639   |b Book   |c Adult Collection   |e Cawangan Pontian 
999 |a 0001350640   |b Book   |c Adult Collection   |e Cawangan Kota Tinggi 
999 |a 0001350642   |b Book   |c Adult Collection   |e Cawangan Bukit Gambir 
999 |a 0001350643   |b Book   |c Adult Collection   |e Cawangan Bandar Penawar 
999 |a 0001350644   |b Book   |c Adult Collection   |e Cawangan Tmn. Ungku Tun Aminah 
999 |a 0001350645   |b Book   |c Adult Collection   |e Cawangan Bandar Tenggara 
999 |a 0001350646   |b Book   |c Adult Collection   |e Cawangan Segamat 
999 |a 0001350647   |b Book   |c Adult Collection   |e Cawangan Tangkak 
999 |a 0001350648   |b Book   |c Adult Collection   |e Cawangan Batu Pahat 
999 |a 0001350649   |b Book   |c Adult Collection   |e Cawangan Mersing 
999 |a 0001350650   |b Book   |c Adult Collection   |e Cawangan Muar 
999 |a 0001351573   |b Book   |c Adult Collection   |e Cawangan Urban Transformation Centre 
999 |a 0001351574   |b Book   |c Adult Collection   |e Perbadanan Perpustakaan Awam Johor 
999 |a CD01350638   |b CD-ROM   |c Adult Collection   |e Cawangan Taman Sri Lambak 
999 |a CD01350644   |b Laser CD   |c REFERENCE   |e Cawangan Tmn. Ungku Tun Aminah 
999 |a CD01350645   |b Laser CD   |c REFERENCE   |e Cawangan Bandar Tenggara 
999 |a CD01351573   |b Laser CD   |c REFERENCE   |e Cawangan Urban Transformation Centre 
999 |a CD01351574   |b Laser CD   |c REFERENCE   |e Perbadanan Perpustakaan Awam Johor